000 01119nam a2200325 i 4500
003 EG-ScBUE
005 20260218153012.0
008 200219s2025 nyua f b 001 0 eng d
020 _a9781265239770
020 _a1265239770
040 _aEG-ScBUE
_beng
_erda
_cEG-ScBUE
_dEG-ScBUE
082 0 4 _222
_a791.4302
_bTHO
100 1 _aThompson, Kristin,
_eauthor.
245 1 0 _aFilm history :
_ban introduction /
_cKristin Thompson, David Bordwell, and Jeff Smith.
264 1 _aNew York :
_bMcGraw-Hill Higher Education (International),
_c2025.
300 _axxi, 771 pages :
_bcolor illustrations ;
_c30 cm
336 _2rdacontent
_atext
_btxt
337 _2rdamedia
_aunmediated
_bn
338 _2rdacarrier
_avolume
_bnc
500 _a2025 release.
504 _aIncludes bibliographical references and index.
650 7 _2BUEsh
_aMotion pictures
_xHistory.
650 7 _2BUEsh
_aMotion pictures
_xHistory
_y20th century.
653 _cFebruary2026
_bART
655 _vReading book
700 1 _aBordwell, David,
_eauthor.
700 1 _aSmith, Jeff,
_eauthor.
942 _2ddc
_cBB
999 _c31149
_d31120